[Event "Vall del Tenes op 1st"]
[Site "Vall del Tenes"]
[Date "2012.05.25"]
[Round "7"]
[White "Garcia Escobar, Francisco"]
[Black "Ruiz Rodriguez, Ferran"]
[Result "1-0"]
[WhiteElo "1718"]
[BlackElo "1775"]
[PlyCount "59"]
[EventDate "2012.04.13"]
[EventType "swiss"]
[EventRounds "8"]
[EventCountry "ESP"]
[SourceTitle "CBM 148 Extra"]
[Source "ChessBase"]
[SourceDate "2012.06.22"]
[SourceVersion "1"]
[SourceVersionDate "2012.06.22"]
[SourceQuality "1"]

1. e4 c6 2. d4 d5 3. exd5 cxd5 4. c4 Nf6 5. Nc3 e6 6. Nf3 Nc6 7. a3 a5 8. Bd3 dxc4 9. Bxc4 Be7 10. 0-0 0-0 11. d5 exd5 12. Nxd5 Nxd5 13. Bxd5 Qd6 14. Bc4 Qg6 15. Qb3 a4 16. Qb5 Ra5 17. Qb6 Bh3 18. Ne1 Bc5 19. Qc7 Bd6 20. Qb6 Re5 21. Be3 Qh5 22. gxh3 Qxh3 23. Bf4 Rg5+ 24. Bg3 h5 25. Nf3 Rxg3+ 26. fxg3 Bxg3 27. hxg3 Qxg3+ 28. Kh1 h4 29. Qf2 Qh3+ 30. Qh2 1-0

[Event "Llinars del Valles op-B 6th"]
[Site "Llinars del Valles"]
[Date "2012.05.05"]
[Round "4"]
[White "Ayats Llobera, Gerard"]
[Black "Garcia Escobar, Francisco"]
[Result "1-0"]
[WhiteElo "1583"]
[BlackElo "1718"]
[PlyCount "79"]
[EventDate "2012.04.14"]
[EventType "swiss"]
[EventRounds "9"]
[EventCountry "ESP"]
[SourceTitle "EXT 2013"]
[Source "ChessBase"]
[SourceDate "2012.11.22"]
[SourceVersion "1"]
[SourceVersionDate "2012.11.22"]
[SourceQuality "1"]

1. e4 c5 2. Nf3 e6 3. d4 cxd4 4. Nxd4 Nf6 5. Nc3 d6 6. Be3 Nc6 7. Qd2 a6 8. 0-0-0 Qc7 9. f3 d5 10. exd5 exd5 11. Bf4 Qa5 12. Re1+ Kd8 13. Nb3 Qb4 14. a3 Qb6 15. Nxd5 Nxd5 16. Qxd5+ Bd7 17. Rd1 Nb8 18. Bxb8 Qc6 19. Qxc6 bxc6 20. Bf4 Kc8 21. Bc4 f6 22. Bd6 Bxd6 23. Rxd6 Kc7 24. Rhd1 Bf5 25. Nc5 Kb6 26. Nxa6 Rxa6 27. Bxa6 Kxa6 28. Rxc6+ Kb7 29. Rcd6 Kc7 30. g4 Bc8 31. c4 Re8 32. Kc2 h5 33. h3 hxg4 34. fxg4 f5 35. Rg6 Re7 36. Rdd6 Bd7 37. Kc3 fxg4 38. hxg4 Bxg4 39. Rd5 Bf3 40. Rdg5 1-0

[Event "Llinars del Valles op-B 6th"]
[Site "Llinars del Valles"]
[Date "2012.04.28"]
[Round "3"]
[White "Garcia Escobar, Francisco"]
[Black "Lara Meca, Miguel"]
[Result "1-0"]
[WhiteElo "1718"]
[BlackElo "1516"]
[PlyCount "47"]
[EventDate "2012.04.14"]
[EventType "swiss"]
[EventRounds "9"]
[EventCountry "ESP"]
[SourceTitle "EXT 2013"]
[Source "ChessBase"]
[SourceDate "2012.11.22"]
[SourceVersion "1"]
[SourceVersionDate "2012.11.22"]
[SourceQuality "1"]

1. e4 Nf6 2. e5 Nd5 3. d4 d6 4. Nf3 Nc6 5. c4 Nb6 6. Be2 dxe5 7. d5 Nd4 8. Nxd4 exd4 9. Qxd4 e6 10. Nc3 c6 11. Bf3 exd5 12. cxd5 Be6 13. 0-0 Bxd5 14. Bxd5 Nxd5 15. Nxd5 Qxd5 16. Re1+ Kd7 17. Qg4+ Kc7 18. Bf4+ Kb6 19. Rad1 Qb5 20. Re3 Ka6 21. Rb3 Qc4 22. Qd7 b5 23. Rc1 Qxf4 24. Qxc6+ 1-0